Werbung- Wer hats gesagt #1 - Statistiken

Allgemein
  • Dieses Quiz wurde 1.435 mal gespielt
  • Das Durchschnittsergebnis liegt bei 9 aus 15
Antwortstatistiken
Hint Antwort % Korrekt
****** macht Kinder froh und Erwachsene ebenso Haribo
89%
*****-die wahrscheinlich längste Praline der Welt. Duplo
84%
Du bist nicht du, wenn du hungrig bist Snickers
76%
Just do it Nike
75%
******** repariert. ******** tauscht aus Carglass
72%
Quadratisch. Praktisch. Gut. Ritter Sport
66%
Das Auto VW
66%
Guten Freunden gibt man doch ein Küsschen. - Oder zwei. - Oder drei. Ferrero Küsschen
63%
Ich liebe es Mc Donald's
63%
Einmal hin, alles drin. Real
59%
Vorsprung durch Technik Audi
53%
Nichts ist unmöglich Toyota
38%
Wer hat's erfunden Ricola
33%
****** heißt jetzt **** - sonst ändert sich nix Twix
22%
Aus Liebe zum Sport. INTERSPORT
9%
Keine übereinstimmenden Quizze gefunden
Verteilung der Resultate
Anzahl Personen mit jedem Resultat
Perzentil nach korrekt beantworteten Fragen
Ihre Resultats-Entwicklung
Sie haben dieses Quiz noch nicht gespielt